[Event "Bundesliga 0203"]
[Site "Germany"]
[Date "2003.01.12"]
[Round "9.8"]
[White "Pedersen, Daniel Vesterbaek"]
[Black "Bromberger, Stefan"]
[Result "1-0"]
[WhiteElo "2343"]
[BlackElo "2417"]
[Annotator "Rogozenco,D"]
[PlyCount "63"]
[EventDate "2002.10.19"]
[EventType "team-tourn"]
[EventRounds "15"]
[EventCountry "GER"]
[SourceTitle "CBM 093"]
[Source "ChessBase"]
[SourceDate "2003.04.01"]
[SourceVersion "1"]
[SourceVersionDate "2003.04.01"]
[SourceQuality "1"]
[WhiteTeam "Emsdetten Turm"]
[BlackTeam "Tegernsee"]
[WhiteTeamCountry "GER"]
[BlackTeamCountry "GER"]

1. e4 c5 2. c3 d5 3. exd5 Qxd5 4. d4 Nf6 5. Nf3 Bg4 6. dxc5 Qxd1+ 7. Kxd1 e5 8.
b4 Nc6 (8... e4 $142 $13) 9. Kc2 O-O-O $6 (9... Nd5 {In this game Black wisely
delays castle long for a while - he might need the rook on a8 sometimes after
a7-a5.} 10. Bb5 f6 11. Kb2 (11. Be3 a5 $1 $132) 11... Be7 12. Be3 Bxf3 13. gxf3
a5 14. a3 O-O-O 15. Rg1 g6 16. Kc2 f5 17. Bxc6 bxc6 $13 {1/2-1/2 Khmelnitsky,
I-Christiansen,L/Parsippany 1996 (54)}) (9... Bf5+ 10. Kb2 Ng4 11. Be3 f6 12.
Nbd2 Nxe3 13. fxe3 g5 14. e4 Bg6 15. h3 O-O-O 16. Bc4 h5 17. Rae1 a5 18. a3 $16
{1-0 Jonkman,H-Skytte,R/Lisbon 2000 (27)}) 10. Bb5 Bf5+ $6 11. Kb2 Ng4 12. Be3
f6 13. Nbd2 {White finished development. Black does not have enough
compensation for the pawn.} g6 {Another loss of tempo, Black will not play Bh6
in this game. The natural question comes - why then 13...g6?} 14. Rad1 a6 (
14... Bd3 $142 {without weakening square b6.}) 15. Be2 Bd3 (15... Nxe3 16. fxe3
Bh6 17. e4 $16) 16. Bxd3 Rxd3 17. Nc4 Rxd1 18. Rxd1 Nxe3 19. fxe3 $18 {Black's
absence of a clear plan ended badly - White is a pawn up and better position.}
Be7 20. Nb6+ Kb8 21. Nd5 Bd8 22. a4 e4 23. Nd2 f5 24. Nc4 {White's dream
position in this variation.} Re8 25. Kb3 Ne5 26. Nxe5 Rxe5 27. Kc4 Bg5 28. b5
Re8 29. bxa6 bxa6 30. Rb1+ Ka7 (30... Kc8 31. c6 $18 {[%cal Gb1b7]}) 31. c6 Rc8
32. Rb7+ 1-0

[Event "NED-ch60"]
[Site "Leeuwarden"]
[Date "2005.09.16"]
[Round "9"]
[White "Tiviakov, Sergei"]
[Black "Van Wely, Loek"]
[Result "1/2-1/2"]
[WhiteElo "2678"]
[BlackElo "2655"]
[Annotator "Rogozenco,D"]
[PlyCount "92"]
[EventDate "2005.09.06"]
[EventType "tourn"]
[EventRounds "9"]
[EventCountry "NED"]
[EventCategory "13"]
[SourceTitle "CBM 110"]
[Source "ChessBase"]
[SourceDate "2006.01.31"]
[SourceVersion "1"]
[SourceVersionDate "2006.01.31"]
[SourceQuality "1"]

{This is the game from the final round of the Dutch Championship 2005. Van
Wely was alone in the lead with 5 points out of 8, Tiviakov was the clear
second with half a point less and needed to score a victory in the present
game in order to become the winner of the tournament.} 1. e4 c5 2. c3 d5 3.
exd5 Qxd5 4. d4 e6 5. Nf3 Nf6 6. Na3 {White doesn't wish to play with an
isolated pawn. 6.Na3 leads usually to safe positions for White, but the main
problem is that even if White succeeds to get an edge, Black has a very solid
position, which is impossible to break without taking some risks.} (6. Be3 {
is the main continuation, after which Black can choose between} cxd4 7. cxd4
Nc6 ({or} 7... Bb4+ {which is popular lately and offers Black reasonable play.}
) 8. Nc3 Qd6) 6... Qd8 {Van Wely goes for the most common reply to 6.Na3} ({
In the first round Smeets played against Tiviakov} 6... Nc6 7. Be3 cxd4 8. Nb5
Qd8 9. Nbxd4 Nd5 10. Nxc6 bxc6 11. Bd4 f6 12. Bc4 e5 13. Bxe5 fxe5 14. Nxe5 Qd6
15. O-O Be6 16. Qh5+ g6 17. Nxg6 Nf6 18. Qe2 hxg6 19. Qxe6+ Qxe6 20. Bxe6 Kd8
21. g3 {1/2-1/2 Tiviakov,S (2678)-Smeets,J (2537)/Leeuwarden 2005. Although
the final position favors Black, White could improve on move 16, where instead
of 16.Qh5 interesting was 16.Re1. Besides, 10.Bg5 instead of 10.Nxc6, or 7.Nb5
instead of 7.Be3 are other attempts to fight for advantage.}) 7. Nc2 (7. Nc4
Nc6 $11 (7... Be7 $11)) (7. Bf4 Nc6 8. dxc5 Nd5 $11) (7. Be2 Nc6 $11) 7... Qc7
({Another, more common plan starts with} 7... Nc6 {followed by the trade on d4
at some moment and finish development with ...Be7, ...0-0, equalizing.}) 8. g3
{A rare continuation, but usual moves bring White nothing sensible either.} (8.
Bd3 Nbd7 $11 {[%cal Gb7b6,Gc8b7]}) (8. Be2 Be7 9. O-O O-O $11) 8... b6 (8...
Nbd7 9. Bg2 Be7 10. O-O O-O 11. Qe2 Re8 $14 {/= 0-1 Petronijevic,Z (2315)
-Rajkovic,D (2455)/Nis 1993 (40)}) 9. dxc5 (9. Bf4 Bd6 $11) 9... Bxc5 10. Bf4
Qc6 11. Bg2 Bb7 12. Ncd4 Bxd4 {An interesting decision. Van Wely proves that
White's bishop pair doesn't mean much, given the fact that Black has an easy
development and no weaknesses.} (12... Qc8 {was perfectly playable too, since
after} 13. Nb5 $6 {Black can simply castle} O-O 14. Nc7 $140 $2 (14. Nd6 Bxd6
15. Qxd6 Rd8 $11 {/=/+}) 14... e5 15. Bxe5 Nbd7 16. Bf4 g5 $17) 13. Qxd4 O-O
14. O-O Nbd7 15. Qd6 (15. Rad1 Qb5 $5 $11 {[%csl Rb2][%cal Gb5h5]}) 15... Qxd6
(15... Qb5 $6 16. Nd4 Qa6 17. Nc6 $16) 16. Bxd6 Rfc8 17. Rfd1 Bd5 18. Rd4 h6 {
Black is simply waiting for White's actions, as he has a very healthy pawn
formation and well placed pieces.} 19. g4 (19. Rad1 Rc6 (19... Bxa2 20. Ne5 Bd5
21. Nxd7 Nxd7 22. Bxd5 exd5 23. Rxd5 Nf6 24. R5d4 Re8 25. Kf1 $14) 20. Bf4 Rac8
21. Ne5 Nxe5 22. Bxe5 Bxg2 23. Kxg2 Nd5 $11) 19... Rc6 20. Bg3 Rac8 21. h3 Rc4
22. Rxc4 Rxc4 23. Nd2 Rc8 24. f3 $6 {This is dictated rather by the tournament
situation, than by the objective judgment.} (24. Bxd5 Nxd5 25. Ne4 Nc5 $11)
24... Nc5 {[%cal Gc5a4]} 25. b3 (25. Bf1 $142 Na4 26. Rb1 Rd8 (26... Bxa2 $4
27. Ra1 $18) 27. Bc7 Rd7 28. Bf4 {[%cal Gf1b5]} Bc6 29. Nb3 Nd5 30. Bg3 $11)
25... Rd8 26. Kf1 Bb7 27. Ke2 Nd5 28. Rc1 {It looks like White protected
everything, but Black could use the activity of his pieces right away.} e5 (
28... Nf4+ $1 29. Bxf4 Nd3 $17) 29. Bf1 (29. Bxe5 $2 Re8 $19) 29... g5 30. b4
Nf4+ 31. Ke3 (31. Bxf4 Nd3 $17) 31... Ncd3 32. Rb1 Ba6 33. c4 $2 (33. b5 Bb7
34. Ne4 $15) 33... b5 $1 {[%csl Rd5]} 34. cxb5 (34. c5 Nxb4 35. Rxb4 Nd5+ $19)
34... Bxb5 $17 35. Rb3 Nd5+ 36. Ke4 N5xb4 37. Bxd3 Bxd3+ 38. Ke3 Nc2+ 39. Kf2
f6 40. h4 Rd7 41. h5 Kf7 42. Rc3 Bh7 43. Ke2 Nd4+ 44. Ke1 Nc2+ 45. Ke2 Nd4+ 46.
Ke1 Nc2+ {Black has a large advantage, but Van Wely forces a draw to secure
himself the sixth title as the Dutch Champion.} 1/2-1/2

[Event "Vidmar Memorial 14th"]
[Site "Portoroz"]
[Date "2001.07.07"]
[Round "5"]
[White "Sermek, Drazen"]
[Black "Crisan, Alexandru"]
[Result "1-0"]
[WhiteElo "2579"]
[BlackElo "2635"]
[Annotator "Rogozenco,D"]
[PlyCount "75"]
[EventDate "2001.07.03"]
[EventType "tourn"]
[EventRounds "9"]
[EventCountry "SLO"]
[EventCategory "14"]
[SourceTitle "CBM 085"]
[Source "ChessBase"]
[SourceDate "2001.11.13"]
[SourceVersion "1"]
[SourceVersionDate "2001.11.13"]
[SourceQuality "1"]

1. e4 c5 2. c3 Nf6 3. e5 Nd5 4. Nf3 e6 5. Bc4 d6 6. d4 cxd4 7. cxd4 Nc6 8. O-O
Be7 9. Qe2 Nb6 $6 {Although played quite often in the practice, this move gave
White much better score in the practice. There is no need to retreat a
centralised knight all the more there are playable alternatives.} (9... O-O 10.
Nc3 Nxc3 11. bxc3 dxe5 12. dxe5 Qa5 $5 13. Qe4 Qa4 14. Bg5 h6 15. Bxe7 Nxe7 16.
Rab1 Bd7 17. Bd3 Qxe4 18. Bxe4 Bc6 19. Bxc6 bxc6 20. Rb7 Nd5 $11 {1/2-1/2
Adams,M-Tkachiev,V/Cannes FRA 2001 (26)}) 10. Bb3 d5 11. Nc3 a6 {Black's idea
is to delay short castle, as White will launch a strong attack there. But such
a plan can hardly solve opening problems.} (11... Bd7 12. Bf4 a6 13. Rac1 Rc8
14. Rfd1 Na5 15. Bc2 g5 16. Be3 $16 {1-0 Dolmatov,S-Milov,V/Haifa 1995 (35)})
12. Rd1 Bd7 13. Qe3 Rc8 14. Qf4 h6 15. h4 Na5 $146 {Drazen Sermek is a
specialist of this line with White. Shortly before the present game he
obtained a big advantage after 15. ... Nb4:} (15... Nb4 16. a3 Nc6 17. h5 Bf8
18. Qg4 Ne7 19. Nh4 Nf5 20. Nxf5 exf5 21. Qg3 $16 {1-0 Sermek,D-Orel,O/Bled
SLO 2001 (55)}) 16. Qg3 Kf8 17. Ne2 $5 {Interesting decision to trade the
bishop. Main idea is to control square c4 after that.} (17. Bc2 $14) 17... Nxb3
18. axb3 Bb5 19. Nf4 {Naturally White concentrates on the kingside.} g5 $6 {
It is not easy to come up with good ideas here - black king will always be a
problem. 19. ... g5 is a very responsable decision - after such a move every
mistake will might be fatal.} 20. Nh5 Be2 21. Re1 Bxf3 $2 (21... Rc2 {In this
amazing position black rook on the second rank is very strong and creates some
discomfort in White's camp. White should be much better anyway, but it
requires imaginative approach. On the other hand the game was very easy for
White, so 21. ... Rc2 was simply necessary.} 22. Bd2 $2 Rxd2 $1 (22... Bxf3 23.
Qxf3 Rxd2 24. Qc3 $18) (22... Rxb2 $2 23. Rxe2) 23. Nxd2 Bxh5) 22. Qxf3 Nd7 23.
Bd2 Qb6 24. Rec1 $16 Rc6 25. Rxc6 bxc6 26. Qd3 Nb8 27. Nf6 Bxf6 28. exf6 $18 {
Black's position is hopeless and White can win in many ways. The final part of
the game reminds of a fight between a tiger and a mouse.} Ke8 29. Ba5 Qb7 30.
hxg5 hxg5 31. Qg3 Kd7 32. Qxg5 Qc8 33. Re1 Rg8 34. Qh5 Qf8 35. Qh2 Qc8 {
A good move - it allowed an elegant combination, which puts an end to Black's
sensless moves.} 36. Rxe6 $1 {[%mdl 64]} fxe6 (36... Kxe6 37. Qe5+ Kd7 38. Qe7#
) 37. Qh7+ Kd6 {Was it really necessary for Black to make all these moves in
the end?} 38. Qe7# 1-0

[Event "NED-ch60"]
[Site "Leeuwarden"]
[Date "2005.09.06"]
[Round "1"]
[White "Tiviakov, Sergei"]
[Black "Smeets, Jan"]
[Result "1/2-1/2"]
[WhiteElo "2678"]
[BlackElo "2537"]
[Annotator "Rogozenco,D"]
[PlyCount "41"]
[EventDate "2005.09.06"]
[EventType "tourn"]
[EventRounds "9"]
[EventCountry "NED"]
[EventCategory "13"]
[SourceTitle "CBM 110"]
[Source "ChessBase"]
[SourceDate "2006.01.31"]
[SourceVersion "1"]
[SourceVersionDate "2006.01.31"]
[SourceQuality "1"]

1. e4 c5 2. c3 d5 3. exd5 Qxd5 4. d4 e6 5. Nf3 Nf6 6. Na3 Nc6 7. Be3 ({The
endgame after} 7. Nb5 Qd8 8. dxc5 Bxc5 9. Qxd8+ Kxd8 {is only marginally
better for White:} 10. Bf4 (10. b4 Bb6 11. Nd6 Ke7 12. Nc4 Ne4 13. Nxb6 axb6 {
The position is complicated. In the following recent game something went wrong
for White:} 14. Bb2 f6 15. Bd3 Nd6 16. O-O e5 17. a3 Be6 18. Nd2 Rhd8 19. Be2
Rd7 20. Rfe1 b5 $1 21. h3 Kf7 22. Rad1 Rad8 23. Bf3 Ne7 24. Nf1 Nec8 25. Ne3
Nb6 $17 {0-1 Nevednichy,V (2566)-Krasenkow,M (2672)/Warsaw 2005 (38)}) 10...
Nd5 11. O-O-O Ke7 12. Bg3 a6 13. Nbd4 Nxd4 14. Nxd4 Rd8 15. Be2 Bd6 16. Bf3
Bxg3 17. hxg3 Nf6 18. g4 (18. Rd2 Rb8 19. Rhd1 Bd7 20. Nb3 Rdc8 21. Na5 b6 22.
Nb7 Rc7 23. Nd6 h5 24. Ne4 Nxe4 25. Bxe4 {1/2-1/2 Sermek,D (2575)-Novikov,I 
(2580)/Medulin 1997}) 18... h6 19. Rhe1 Kf8 $14 {/= 1/2-1/2 Pavasovic,D (2502)
-Arlandi,E (2445)/Baden 1999 (55)}) 7... cxd4 8. Nb5 Qd8 9. Nbxd4 Nd5 (9... Be7
$14 {/=}) 10. Nxc6 {Tiviakov connects this harmless move with a new idea, but
Smeets defends very precisely.} ({After} 10. Bg5 {Black can choose between
three equivalent moves: 10...Be7, 10...f6 and 10...Qb6. In all cases White's
edge is minimal.}) 10... bxc6 11. Bd4 $146 {This is more logical than the
previously played passive 11.Bd2} f6 (11... c5 $2 12. Bb5+ Bd7 13. Bxd7+ Qxd7
14. Ne5 $16) 12. Bc4 (12. Bd3 {can lead to a draw by force:} e5 13. Nxe5 fxe5
14. Qh5+ Kd7 15. Bxe5 Bd6 16. Qg4+ Ke8 17. Bg6+ $5 (17. Qxg7 Bxe5 18. Qxe5+ Qe7
$13 {/=/+}) 17... Ke7 (17... hxg6 18. Qxg6+ Ke7 19. Qxg7+ (19. Bxd6+ Kd7 {
is less clear:} 20. Be5 Qe7 {and Black keeps the pawn on g7 alive}) 19... Ke6
20. Qg6+ Ke7 21. Bxd6+ Kd7 (21... Qxd6 22. Qg7+ $18) 22. Be5 Qe7 23. f4 $16)
18. Qg5+ Kd7 (18... Nf6 $2 19. O-O-O $18) 19. Bf5+ Ke8 20. Bg6+ Kd7 $11) 12...
e5 {A provocative continuation.} (12... Be7 $5) 13. Bxe5 ({To a somewhat
similar endgame leads} 13. Nxe5 fxe5 14. Qh5+ Kd7 (14... g6 $2 15. Qxe5+ Qe7
16. Qxe7+ Bxe7 17. Bxh8 $18) (14... Ke7 15. Bxe5 $44) 15. Bxe5 (15. Qxe5 Qe7
$17) (15. Qf5+ Kc7 16. Qxe5+ Qd6 $15) 15... Bd6 16. Qg4+ (16. O-O-O Qe8 17.
Qg4+ Kd8 18. Qg5+ Qe7 $17) 16... Ke8 17. Qxg7 Bxe5 18. Qxe5+ Qe7 19. Qxe7+ Kxe7
{and again White has three pawns for the knight in endgame. However, in the
game White could achieve more than that (see 16.Re1)}) 13... fxe5 14. Nxe5 Qd6
(14... g6 $2 15. Nxc6 $18) (14... Be6 $5 15. Qh5+ (15. O-O $5) (15. Nxc6 Qd6
16. Qe2 $5 Kf7 (16... Qxc6 $2 17. Bb5) 17. Ne5+ Kg8 18. O-O-O $44) 15... g6 16.
Nxg6 hxg6 (16... Nf6 17. Qf3 $1 hxg6 18. Bxe6 $44) 17. Qxh8 Qg5 $13) 15. O-O (
15. Nxc6 Qe6+ $1 (15... Be6 $13) 16. Kf1 $140 $2 Ne3+ $19) 15... Be6 16. Qh5+
$6 ({Better looks} 16. Re1 Be7 (16... O-O-O $6 17. Qa4 $40) (16... g6 $2 17.
Nxc6 $18) 17. Qh5+ g6 18. Nxg6 Bf7 (18... Bg4 19. Qe5 $1 (19. Qh4 Qxg6 20. Bxd5
O-O-O 21. Rxe7 Rxd5 22. Rxa7 Rhd8 23. Ra8+ Kc7 $13) 19... Qxe5 20. Nxe5 Bd7 21.
Rad1 $14 {/+/-}) (18... hxg6 $2 19. Qxh8+ Bf8 20. Qh7 $18) 19. Qe5 Qxe5 20.
Nxe5 Rc8 21. Nxc6 $1 Rxc6 22. Bb5 Kd7 23. Bxc6+ Kxc6 24. c4 {and with a rook
and three pawns for two bishops White's chances are preferable.}) 16... g6 17.
Nxg6 Nf6 18. Qe2 hxg6 19. Qxe6+ (19. Bxe6 $4 Qxh2#) 19... Qxe6 20. Bxe6 Kd8 21.
g3 $15 {Black is better, since White's pawns do not represent any danger.
Moreover, the opposite-coloured bishops favor Black, who can try to build an
initiative on the dark squares later on. A possible plan is to attack with
rooks pawns b2 and then h2, provoking some weaknesses in White's camp, and
then use the extra piece to attack the created targets.} 1/2-1/2

[Event "Bundesliga 0203"]
[Site "Germany"]
[Date "2002.12.14"]
[Round "5.4"]
[White "Schmittdiel, Eckhard"]
[Black "Boensch, Uwe"]
[Result "0-1"]
[WhiteElo "2491"]
[BlackElo "2540"]
[Annotator "Rogozenco,D"]
[PlyCount "68"]
[EventDate "2002.10.19"]
[EventType "team-tourn"]
[EventRounds "15"]
[EventCountry "GER"]
[SourceTitle "CBM 093"]
[Source "ChessBase"]
[SourceDate "2003.04.01"]
[SourceVersion "1"]
[SourceVersionDate "2003.04.01"]
[SourceQuality "1"]
[WhiteTeam "Stuttgart"]
[BlackTeam "Tegernsee"]
[WhiteTeamCountry "GER"]
[BlackTeamCountry "GER"]

1. e4 c5 2. c3 d5 3. exd5 Qxd5 4. d4 Nf6 5. Nf3 Bg4 6. Be2 e6 7. h3 Bh5 8. O-O
cxd4 9. cxd4 Nc6 10. Nc3 Qd6 11. Be3 Be7 12. a3 O-O 13. Qa4 ({The usual} 13.
Qb3 {is stronger, since on b3 the queen is more active than on a4. Most
important in such positions is to control square d5. White's plan is Rfd1,
Rac1 and often d4-d5.}) 13... Nd5 (13... a6 $5 {with idea 14...b5, exploiting
the somewhat strange 13.Qa4.}) 14. Ne4 {Same careless strategy - ignoring
square d5.} (14. Rfd1) 14... Qc7 {I would already prefer Black.} 15. Rac1 Rad8
{Difficult to say why did Black decide to keep the rook on f8.} ({More natural
and stronger was} 15... Rfd8 {then Rac8.}) 16. Nc5 {using the absense of
Black's queen rook White creates some pressure on the queenside.} Nf4 17. Bd1
$1 (17. Bxf4 Qxf4 18. Nxb7 Nxd4 19. Nxd4 Rxd4 $17 {[%csl Rb7]}) 17... Bxc5 {
It turns out that not so easy to protect against Nxb7. After forcing Black to
exchange his bishop, White can be optimistic about the future.} (17... Rc8 18.
Qb5 {[%csl Rb7]}) 18. Rxc5 (18. dxc5 $5) 18... Rd5 19. b4 a6 20. Qc2 Rxc5 21.
dxc5 Rd8 {White has a good pawn structure and the bishop's pair, his only
problems is the lack of co-ordination between pieces.} 22. Qc1 (22. Qe4 $5)
22... Nd3 23. Qa1 Rd5 24. Nd2 Qd8 25. g4 $6 {Starting with this moment White
completely spoils a healthy position. There was no point to weaken the
kingside. Black has centralized pieces and has good chances to use weaknesses
produced by 25.g4.} (25. Bxh5 Rxh5 26. Nc4 {and the position is balanced,
probably White's chances are even preferable due to his pawn majority on the
queenside.}) 25... Bg6 26. Bf3 Nd4 $5 {an interesting move, which must have
confused White. Black's pieces look very active and with White is rather
difficult to make a difference between real and imaginary threats.} (26... Rd7
27. Nc4 $13) 27. Bxd4 {For a human this looks very natural (and it is not bad
at all). But the cold computer happily takes the exchange and considers that
White has big advantage. I believe that Black has good compensation in a
practical game, especially if the opponent is in time-trouble.} (27. Bxd5 Ne2+
({Obviously bad is} 27... Qxd5 $4 28. Qxd4) ({but deserves attention} 27... Nc2
$5 28. Qc3 Qxd5) 28. Kh2 Qxd5 {Maybe interesting also is to create a passed
pawn with 28...exd5.} 29. f4 {Not easy now for Black to break through. For
instance:} h5 30. Qd1 Nc3 31. Qf3 $1 (31. Qb3 hxg4 32. hxg4 Qd8 33. Kg3 Qf6 $44
)) 27... Rxd4 28. Nb3 $2 ({After} 28. Bxb7 {the position remains unclear,
since as a compensation for weakened kingside White has the very strong extra
passed pawn on the c-file. Now Black's most obvious attempts to remove the
knight from d3 and attack d2 are not convincing:} Nxc5 {Other options are
worse:} (28... Ne5 $2 29. Nb3) (28... Nf4 29. Nf3 Rd7 (29... Rd3 30. Qe5 Nd5
31. Bxd5 Rxd5 (31... exd5 32. Re1 $1 Be4 33. Ng5) 32. Qf4 $16) 30. c6 Rd3 31.
Qe5 $1 Nd5 32. Rc1 Nc7 33. Rc3 $16) 29. bxc5 Rxd2 30. Qe5 $13) 28... Rd7 {
Now Black keeps all advantages - a strong knight on d3, control over d-file,
possibilities to exploit weaknesses on White's kingside. And the material is
equal.} 29. Bg2 $6 (29. Rd1 $2 Qh4) (29. c6 {Probably the best.} bxc6 30. Bxc6
Rc7 (30... Rd6 31. Bg2 Nf4 32. Nc5 $15) 31. Bf3 Nf4 32. Qe5 Nxh3+ 33. Kg2 Ng5
34. Rd1 Qe7 35. Nc5 Nxf3 36. Kxf3 {In exchange for a pawn White activated all
his pieces, which, however, hardly can guarantee full compensation for the
pawn, due to exposed position of the king.} f5 $5) (29. Na5 Nxc5 30. Rd1 Nd3
31. Nxb7 Qb6 32. Nc5 Nxc5 33. bxc5 Rxd1+ 34. Qxd1 Qxc5 35. Qd8+ Qf8 36. Qa5 $17
) 29... h5 $17 {/-+} 30. f4 {White's position was extremely difficult anyway
and this blunder just makes the finish to be quicker.} (30. Rd1 hxg4 31. hxg4
Qh4 32. Rd2 Qxg4 33. Qd1 Qg5 $19) 30... hxg4 31. hxg4 Nxf4 32. Qe5 (32. Rxf4
Rd1+ $19) 32... Nxg2 33. Kxg2 Rd5 34. Qf4 e5 0-1